Compendio histórico : resumen y descripción de la antiquísima ciudad de Empurias / por Josef Maranjas de Marimón resumen y descripción de la antiquísima ciudad de Empurias / por Josef Maranjas de Marimón
Descripción Física:
XXIV, 82 p. ; 24 cm
Otros Autores:
Ripoll i Perelló, Eduard, 1923-2006
Materias:
Empúries (Ciutat antiga) -- Història
MARC
| LEADER | 00000nam a2200000Ia 4500 | ||
|---|---|---|---|
| 001 | 865 | ||
| 008 | 160829s1968 xx 000 0 cat d | ||
| 080 | |a H-1-73 | ||
| 100 | |a Maranjas de Marimon, Josef |9 37693 | ||
| 245 | |a Compendio histórico : |b resumen y descripción de la antiquísima ciudad de Empurias / por Josef Maranjas de Marimón | ||
| 250 | |a Ed. facsímil / comentario por Eduardo Ripoll Perelló | ||
| 260 | |a Barcelona : |b Instituto de Prehistoria y Arqueología, |c 1968 | ||
| 300 | |a XXIV, 82 p. ; |c 24 cm | ||
| 651 | 0 | |a Empúries (Ciutat antiga) |x Història |9 55526 | |
| 700 | 1 | |a Ripoll i Perelló, Eduard, |d 1923-2006 |9 20913 | |
| 710 | 2 | |a Instituto de Prehistoria y Arqueología (Barcelona, Catalunya) |9 54255 | |
| 901 | |a Arxiu | ||
| 942 | |n 1 |2 udc | ||
| 952 | |0 0 |1 0 |4 0 |6 H173 |7 1 |9 47995 |a Arxiu |b Arxiu |d 2016-12-01 |l 0 |o H-1-73 |p 865 |r 2016-12-01 00:00:00 |w 2016-12-01 |y ARXIU | ||
| 999 | |c 51796 |d 51796 | ||